Países más cercanos a Antártida con un mapa - Estadísticas

Estadísticas generales
  • Esta prueba ha sido intentada 8.656 veces
  • La puntuación promedio es 18 de 20
Respuestas en el mapa
Las respuestas están codificadas por una escala verde-roja en el mapa de la prueba según el % correcto abajo.
 
Estadísticas de respuestas
km País mi % Correcto
1023 Argentina 636
100%
1005 Chile 625
100%
3292 Brasil 2045
99%
2518 Australia 1564
98%
4523 Bolivia 2811
98%
3978 Paraguay 2472
98%
3856 Sudáfrica 2396
98%
3151 Uruguay 1958
98%
4513 Madagascar 2804
97%
5094 Perú 3165
97%
2484 Nueva Zelanda 1543
96%
4236 Lesoto 2632
87%
4646 Mozambique 2887
83%
4597 Esuatini 2856
80%
4513 Namibia 2804
80%
4714 Botsuana 2929
79%
5070 Zimbabue 3151
78%
5052 Mauricio 3139
73%
5576 Malaui 3465
68%
5438 Vanuatu 3379
52%
No se encontraron pruebas coincidentes
Distribución de puntuación
Porcentaje de gente con cada puntuación
Porcentaje por número respondido
Historial de tus puntuaciones
No has intentado esta prueba.